000 01005nam a22002297a 4500
003 OSt
005 20250916085518.0
008 240228b ||||| |||| 00| 0 eng d
040 _c0
082 _aDPer 621.317 Ie21 June 2022 v. 37 n. 6
100 _aChen, Shaoyong.
_eauthor.
_953520
245 _aA novel online inductance identification of traction network and adaptive control method for cascaded H-bridge converter /
_cShaoyong Chen, Yu Ai, Yunming Shi, Shuai Zhao, and Jianqiang Liu.
260 _aNew York ;
_bThe Institute of Electrical and Electronics Engineers, Inc. ,
_cJune 2022.
300 _aVolume 37, pages 6475-6487 :
_billustration ;
_c29 cm.
500 _aIEEE Transactions on Power Electronics, vol. 37, no. 6, pages 6475-6487, June 2022.
700 _aChen, Shaoyong.
_eauthor.
_953520
700 _aAi, Yu.
_eauthor.
_953521
700 _aShi, Yunming.
_eauthor.
_953522
700 _aZhao, Shuai.
_eauthor.
_953523
700 _aLiu, Jianqiang.
_eauthor.
_953524
942 _2ddc
_cPER
999 _c19402
_d19402